A better system of land tenure (Record no. 76650)

MARC details
000 -LEADER
fixed length control field 01141cab a2200205 4500
001 - CONTROL NUMBER
control field ##L132829
008 - FIXED-LENGTH DATA ELEMENTS--GENERAL INFORMATION
fixed length control field 060310n2006 000 0 eng u
035 ## - SYSTEM CONTROL NUMBER
System control number (Sirsi) u132829
041 ## - LANGUAGE CODE
Language code of text/sound track or separate title eng
100 ## - MAIN ENTRY--PERSONAL NAME
Personal name Baker, Chris
245 02 - TITLE STATEMENT
Title A better system of land tenure
260 ## - PUBLICATION, DISTRIBUTION, ETC.
Date of publication, distribution, etc. 2006
490 ## - SERIES STATEMENT
Series statement Estates Gazette
Volume/sequential designation (0609) 4 March 2006, 173-174(2)
520 ## - SUMMARY, ETC.
Summary, etc. Describes a pioneering commonhold development project in Milton Keynes, the first by a volume house builder. Crest Nicholson's Oakgrove Millennium Community scheme will adopt a commonhold structure. Explains why this developer chose commonhold which will provide a model for future Crest Nicholson developments. Discusses how commonhold will work and suggests some ways in which the present commonhold legislation could be improved. Concludes that, although commonhold is not a panacea for community living, it does offer a system of land tenure that is potentially superior to leasehold.
590 ## - LOCAL NOTE (RLIN)
Local note IKA140306
650 24 - SUBJECT ADDED ENTRY--TOPICAL TERM
Topical term or geographic name entry element COMMONHOLD AND LEASEHOLD REFORM ACT 2002
650 24 - SUBJECT ADDED ENTRY--TOPICAL TERM
Topical term or geographic name entry element LANDLORD AND TENANT ACT 1985
690 ## - LOCAL SUBJECT ADDED ENTRY--TOPICAL TERM (OCLC, RLIN)
Topical term or geographic name as entry element PROPERTY-COMMONHOLD PROPERTY
942 ## - ADDED ENTRY ELEMENTS (KOHA)
Suppress in OPAC 0
Holdings
Withdrawn status Lost status Source of classification or shelving scheme Damaged status Not for loan Home library Current library Shelving location Date acquired Total Checkouts Full call number Barcode Date last seen Copy number Price effective from Koha item type
    Dewey Decimal Classification     London London Journal article 10/03/2006   L132829 132829-1001 06/08/2019 1 06/08/2019 Journal article